[Event "Llinars del Valles op-B 8th"]
[Site "Llinars del Valles"]
[Date "2015.04.25"]
[Round "3"]
[White "Gonzalez Moreno, Antoni"]
[Black "Jimenez Calafell, Marc"]
[Result "1-0"]
[WhiteElo "1924"]
[BlackElo "1733"]
[PlyCount "141"]
[EventDate "2015.04.11"]
[EventType "swiss"]
[EventRounds "9"]
[EventCountry "ESP"]
[SourceTitle "EXT 2016"]
[Source "ChessBase"]
[SourceDate "2015.10.08"]
[SourceVersion "1"]
[SourceVersionDate "2015.10.08"]
[SourceQuality "1"]

1. c4 c6 2. Nc3 d5 3. e3 Nf6 4. d4 Bf5 5. Nf3 h6 6. cxd5 cxd5 7. Bd2 a6 8. Qb3 Bc8 9. Bd3 e6 10. Rc1 Be7 11. Na4 Nc6 12. Nc5 Bxc5 13. Rxc5 Nd7 14. Rc2 0-0 15. 0-0 Qb6 16. Qa3 Nf6 17. b4 Rb8 18. Rb1 Bd7 19. Rcb2 Ra8 20. Qb3 Na7 21. a4 Rfc8 22. Rc1 Rxc1+ 23. Bxc1 Qc6 24. Bc2 Rc8 25. Bd2 Ne4 26. Qd3 Qc4 27. Qxc4 Rxc4 28. Bxe4 dxe4 29. Ne5 Rc7 30. Nxd7 Rxd7 31. Rc2 Nc6 32. b5 axb5 33. axb5 Na7 34. b6 Nc6 35. Ra2 Rd8 36. Kf1 Kf8 37. Ra4 e5 38. Bc3 exd4 39. exd4 f6 40. Ke2 Kf7 41. Ke3 f5 42. Rc4 Ke6 43. Bb4 Nxb4 44. Rxb4 Rc8 45. Kd2 Kd5 46. Rb5+ Kxd4 47. Rxf5 Rc6 48. Rf7 Rxb6 49. Rd7+ Kc5 50. Rxg7 Kc4 51. Ke3 Rb2 52. Kxe4 b5 53. Rc7+ Kb3 54. Ke3 Rc2 55. Rb7 Rc3+ 56. Kd2 Rc2+ 57. Ke3 b4 58. g4 Rc6 59. h4 Kc3 60. f4 Re6+ 61. Kf3 b3 62. f5 Rd6 63. g5 hxg5 64. hxg5 Rd3+ 65. Ke4 Rd4+ 66. Ke5 Rb4 67. Rxb4 Kxb4 68. f6 b2 69. f7 b1Q 70. f8Q+ Kc4 71. Qc8+ 1-0